Never Split the Difference (Record no. 11249)

MARC details
000 -LEADER
fixed length control field 00349nam a22001457a 4500
003 - CONTROL NUMBER IDENTIFIER
control field OSt
008 - FIXED-LENGTH DATA ELEMENTS--GENERAL INFORMATION
fixed length control field 220521b ||||| |||| 00| 0 eng d
020 ## - INTERNATIONAL STANDARD BOOK NUMBER
International Standard Book Number 978-1-847-94149-7
082 ## - DEWEY DECIMAL CLASSIFICATION NUMBER
Classification number 658.4052 VON
100 ## - MAIN ENTRY--PERSONAL NAME
Personal name VOSS,Chris
245 ## - TITLE STATEMENT
Title Never Split the Difference
260 ## - PUBLICATION, DISTRIBUTION, ETC. (IMPRINT)
Place of publication, distribution, etc London
Name of publisher, distributor, etc RH business books
Date of publication, distribution, etc 2016
300 ## - PHYSICAL DESCRIPTION
Extent 274
942 ## - ADDED ENTRY ELEMENTS (KOHA)
Source of classification or shelving scheme Dewey Decimal Classification
Koha item type Text Books
Holdings
Withdrawn status Lost status Source of classification or shelving scheme Damaged status Not for loan Collection code Home library Current library Source of acquisition Currency Cost, normal purchase price Bill Number Total Checkouts Full call number Acc. no. / Barcode Date last seen Date last borrowed Actual Cost, discounted price Bill Date Koha item type Public note
    Dewey Decimal Classification     GENERAL PIET C-LIBRARY PIET C-LIBRARY Kumar Stationery & Book Seller Indian Rup 599.00 35239 4 658.4052 VON 33611 21/05/2025 15/05/2025 402.00 21/05/2022 Text Books Motivational

Design & Developed by: PIET Central Library
R70 Miles Stone Pattikalyana Samalkha Panipat 132102
mail ID :- [email protected], Phone No:- 0180-2569700 Ex.216